000 00346 a2200109 4500
001 ART_24498
005 20260410161934.0
008 260409a
245 1 0 _aMacroeconomía de las promesas rotas
100 1 _aHeymann, Daniel
773 0 _tRevista de Economía Política de Buenos Aires
_g- Año 1, Nº 2 (nov. 2007)
_wREV23982
999 _c28838
_d28838